| 000 | 00599nam a22001937a 4500 | ||
|---|---|---|---|
| 005 | 20230328063653.0 | ||
| 008 | 230328b |||||||| |||| 00| 0 eng d | ||
| 020 | _a978-971-9676-52-2 | ||
| 082 | _aFil. 001.4 Ol52 2017 | ||
| 100 |
_aOlubia, Leandro T. _eauthor |
||
| 245 |
_aThesis proposal in education: _ba self-engaging approach / _cLeandro T. Olubia |
||
| 260 |
_aMalabon City, PH: _bJimczyville Publication, _cc2017 |
||
| 300 |
_av, 178p.: _bill. |
||
| 504 | _aIncludes bibliographical references | ||
| 541 | _e5405 | ||
| 650 | _aThesis | ||
| 650 | _aResearch | ||
| 650 | _aResearch - Education | ||
| 999 |
_c2024 _d2024 |
||